Formule 1: Les coéquipiers de Fernando Alonso - Statistiques

Statistiques générales
  • Ce quiz a été pris 1 036 fois
  • Le résultat moyen est 8 sur 14
Statistiques - réponses
Ecurie Saison Pilote % Correct
Alpine 2021-2022 Esteban Ocon
98%
Aston Martin [2023-2026] Lance Stroll
97%
McLaren 2007 Lewis Hamilton
89%
Ferrari [2010-2013] Felipe Massa
79%
Ferrari 2014 Kimi Raïkkönen
79%
McLaren 2015-2016 Jenson Button
63%
Renault 2008-2009 Nelsinho Piquet
51%
McLaren 2017-2018 Stoffel Vandoorne
50%
Renault 2005-2006 Giancarlo Fisichella
46%
Renault 2003-2004 Jarno Trulli
40%
Renault 2009 Romain Grosjean
36%
Renault 2004 Jacques Villeneuve
21%
Minardi 2001 Tarso Marques
9%
Minardi 2001 Alex Yoong
8%
Aucun quiz correspondant
Distribution des résultats
% des personnes avec chaque résultat
Percentile par nombre de réponses
Votre historique - résultats
Vous n’avez pas pris ce quiz